| 000 | 00966nam a2200265Ia 4500 | ||
|---|---|---|---|
| 003 | OSt | ||
| 005 | 20220916110908.0 | ||
| 006 | a|||||r|||| 00| 0 | ||
| 007 | ta | ||
| 008 | 220915b |||||||| |||| 00| 0 hin d | ||
| 024 | _a44199 | ||
| 037 | _cTextbook | ||
| 040 |
_bhin _aARTS _cARTS |
||
| 041 | _ahin | ||
| 082 | _aO15,3D60:g, 152K4 | ||
| 100 | _aअग्रवाल, वासुदेवशरण | ||
| 245 | 0 | _aहर्षचरित: एक सांस्कृतिक अध्ययन | |
| 246 | _aHarṣhacharita: ek sāanskṛutik adhyayana | ||
| 260 |
_aपटना _bबिहार-राष्ट्भाषा-परिषद भारत _c1964 |
||
| 300 |
_a227पण्, फलक28 _ccm. |
||
| 500 | _aBib 225-27p | ||
| 650 | _aहिन्दी साहित्य | ||
| 942 |
_hO15,3D60:g, 152K4 _cTB _2CC |
||
| 999 |
_c100656 _d100656 |
||